Statistiken für Geschichte nach Buchstabe - I

Klicken Sie hier um das Quiz zu spielen!

Allgemein

  • Dieses Quiz wurde 5.797 mal gespielt
  • Das Durchschnittsergebnis liegt bei 12 aus 18

Antwortstatistiken

HinweisAntwort% Korrekt
Religion gegründet im Jahre 622 n.Chr.Islam
94%
Zivilisation welche Machu Picchu bauteInkas
93%
Vorname des deutschen Philosophen KantImmanuel
90%
Moderner Name KonstantinopelsIstanbul
90%
Land, in dem die Renaissance begannItalien
87%
Bezeichnung für die indigenen
Völker Nordamerikas
Indianer
83%
Land, das einst Niederländisch-
Ostindien genannt wurde
Indonesien
75%
Nordirische TerroristengruppeIRA
74%
Land, das 874 zum ersten Mal
besiedelt wurde
Island
71%
Katholische Institution, die zur Verfolgung
von Ketzern gebraucht wurde
Inquisition
61%
Homer zugeschriebenes episches GedichtDie Ilias
57%
"Revolution", die um das Jahr 1760
in Großbritannien begann
{Industrielle}
Revolution
53%
Russischer Zar dessen Herrschaft
die Eroberung Sibiriens vorsah
Iwan der
Schreckliche
52%
Ihre Heirat mit Ferdinand
vereinigte Spanien
Isabella
49%
Name von 13 "unschuldigen" PäpstenInnozenz
33%
Vereinigung von sechs
Native-American-Stämmen in den
nordöstlichen USA
Irokesen
32%
Spanischer Titel für einen PrinzenInfant
31%
Arabisches Wort für Aufstand.
Palästina hatte zwei davon
Intifada
27%

Verteilung der Resultate

Perzentil nach korrekt beantworteten Fragen

Anzahl Personen mit jedem Resultat

Ihre Resultats-Entwicklung

Sie haben dieses Quiz noch nicht gespielt